Velká španělská gramatika : vše, co jste kdy chtěli vědět o španělské gramatice a nikde jste to nenašli /

Hlavní autor: Macíková, Olga
Další autoři: Mlýnková, Ludmila, 1960-
Jazyk: Španělština
Čeština
Vydáno: Brno : Computer Press, 2010
Vydání: Vyd. 1.
Témata:
Fyzický popis: 2 sv. : il. ; 30 cm
Odebírané svazky: výkladová část, cvičebnice
Knihy
Uloženo v:
LEADER 02004nam a2200469 aa4500
001 nkc20102145983
003 CZ PrNK
005 20101222113738.0
007 ta
008 101028s2010 xr a e p 001 0 cze
015 |a cnb002145983 
020 |a 978-80-251-2293-8  |q (brož.) 
035 |a (OCoLC)697266981 
040 |a BOA001  |b cze 
041 0 |a cze  |a spa 
072 7 |a 811.134  |x Iberorománské jazyky  |2 Konspekt  |9 11 
072 7 |a 37.016  |x Učební osnovy. Vyučovací předměty. Učebnice  |2 Konspekt  |9 22 
080 |a 811.134.2  |2 MRF 
080 |a 81'36  |2 MRF 
080 |a (075)  |2 MRF 
100 1 |a Macíková, Olga  |7 mzk2003188989  |4 aut 
245 1 0 |a Velká španělská gramatika :  |b vše, co jste kdy chtěli vědět o španělské gramatice a nikde jste to nenašli /  |c Olga Macíková, Ludmila Mlýnková 
250 |a Vyd. 1. 
260 |a Brno :  |b Computer Press,  |c 2010 
300 |a 2 sv. :  |b il. ;  |c 30 cm 
504 |a Obsahuje bibliografii 
505 0 |a výkladová část. 326 s. + 1 CD -- cvičebnice. v, 185 s. 
650 0 7 |a španělština  |7 ph127867  |2 czenas 
650 0 7 |a mluvnice  |7 ph115331  |2 czenas 
650 0 9 |a Spanish language  |2 eczenas 
650 0 9 |a grammar  |2 eczenas 
655 7 |a učebnice  |7 fd133770  |2 czenas 
655 9 |a textbooks  |2 eczenas 
700 1 |a Mlýnková, Ludmila,  |d 1960-  |7 xx0003415  |4 aut 
910 2 |a BOA001  |b 4-1253.574  |s výkladová část, cvičebnice 
990 |a BK 
995 |a 01 
991 |b 201012  |c NOV  |e n 
996 6 |b 2610455545  |c 4-1253.574  |d 1, výkladová část  |v 1  |l MZK  |r Sklad / do 1 hodiny  |n 11  |p p.v.  |w 001159550  |u 000010  |a 1  |e BOA001  |j MZK50  |s P 
996 7 |b 2610455546  |c 4-1253.574  |d 1, výkladová část  |v 1  |l MZK  |r Sklad / do 1 hodiny  |n 40  |p p.v.  |w 001159550  |u 000020  |a 1  |e BOA001  |j MZK50  |s A 
996 7 |b 2610455547  |c 4-1253.574  |d 2, cvičebnice  |v 2  |l MZK  |r Sklad / do 1 hodiny  |n 31  |p p.v.  |w 001159550  |u 000040  |a 1  |e BOA001  |j MZK50  |s A 
996 6 |b 2610455548  |c 4-1253.574  |d 2, cvičebnice  |v 2  |l MZK  |r Sklad / do 1 hodiny  |n 7  |p p.v.  |w 001159550  |u 000030  |a 1  |e BOA001  |j MZK50  |s P